000 00711nam a2200193Ia 4500
008 090123s9999 xx 000 0 und d
082 _b38244
100 _aपुणेकर शंकर मोकाशी
245 _aमधुचंद्राची रात्र
250 _a1
260 _bश्रध्दा प्रकाशन
_c2004
300 _a134
600 _aपुणेकर शंकर मोकाशी
630 _aमधुचंद्राची रात्र
700 _aदिक्षित श्रीधर
700 _aपुणेकर शंकर मोकाशी
730 _aमधुचंद्राची रात्र
942 _cBOOK
999 _c76314
_d76314